000 00729nam a22002417a 4500
005 20170124110235.0
010 _aA-998089
020 _c400.00
035 _aA-998089
037 _bCen Lib/Ret
040 _aDPL
_bEN
082 _a346.096
_bGUP
100 _aGupta, Rajesh
_941902
245 _aBharat,s dishonour of cheques :
_cby Rajesh Gupta [and] Gunjan Gupta
_blaw & practice /
260 _aNew Delhi
_bBharat Law House
_c2000
270 _a222, Tarun Enclave Pitampura
_bNew Delhi
_e110034
300 _a512p.
_c24cm(Hb)
500 _aIncludes index
650 _aCheck fraud
_zIndia
_941903
650 _aChecks
_941904
700 _a Gupta, Gunjan
_984877
942 _2ddc
_cEN
_h346.096
_mGUP
999 _c134835
_d134835